Corak perumahan tradisional berkepadatan tinggi : perkampungan di sepanjang pantai barat Semenanjung Malaysia

Bibliographic Details
Main Author: Ahmad Sanusi Hassan
Other Authors: Ku Azhar Ku Hassan
Format: Book
Published: Pulau Pinang : Penerbit Universiti Sains Malaysia , 2001
Subjects:

MARC

LEADER 00000cam a2200000 7i4500
001 0000017331
005 20061130.0
020 |a 9839700987 
040 |a INS 
090 0 0 |a HD7289.M4   |b ASH 2001 
100 1 |a Ahmad Sanusi Hassan 
245 1 0 |a Corak perumahan tradisional berkepadatan tinggi :   |b perkampungan di sepanjang pantai barat Semenanjung Malaysia   |c Ahmad Sanusi Hassan, Ku Azhar Ku Hassan 
260 |a Pulau Pinang :   |b Penerbit Universiti Sains Malaysia ,   |c 2001 
300 |a vii, 126p. :   |b ill. ;   |c 24cm. 
500 |a Mengandungi rujukan dan indeks 
650 0 0 |a City planning   |z Malaysia 
650 0 0 |a Fishers   |x Housing   |z Malaysia 
650 0 0 |a Housing, Rural   |z Malaysia 
700 0 |a Ku Azhar Ku Hassan 
999 |a 0000017541   |b BOOK   |c Open Shelf   |e Default branch 
999 |a 0000017542   |b BOOK   |c Open Shelf   |e Default branch